[Event "GER-chT School WK GS"]
[Site "Playchess.com INT"]
[Date "2020.06.11"]
[Round "1.1"]
[White "Lu, Yunong Elias"]
[Black "Hummer, Julia"]
[Result "1-0"]
[WhiteElo "1901"]
[BlackElo "1146"]
[PlyCount "53"]
[EventDate "2020.06.11"]
[EventType "team-swiss (blitz)"]
[EventRounds "7"]
[EventCountry "GER"]
[SourceTitle "EXT 2021"]
[Source "ChessBase"]
[SourceDate "2020.10.23"]
[SourceVersion "1"]
[SourceVersionDate "2020.10.23"]
[SourceQuality "1"]
[WhiteTeam "Forst"]
[BlackTeam "Zwoetzener Th"]
[WhiteTeamCountry "GER"]
[BlackTeamCountry "GER"]

1. d4 b6 2. c4 Bb7 3. Nc3 Nc6 4. Bf4 e6 5. Nf3 Bb4 6. e3 Nf6 7. Bd3 0-0 8. 0-0 d5 9. cxd5 exd5 10. Nb5 Qc8 11. Nxc7 Rb8 12. Nb5 a6 13. Bxb8 Qxb8 14. Nc3 Ng4 15. h3 Nf6 16. a3 Bd6 17. e4 dxe4 18. Nxe4 Nd5 19. Nxd6 Qxd6 20. Re1 Nce7 21. Ne5 Nf4 22. Bf1 Nf5 23. Qg4 Nxd4 24. Qxf4 Nc2 25. Rad1 Qc6 26. Nxc6 Bxc6 27. Re2 1-0